000 01037nam a22002417a 4500
005 20100729120116.0
010 _aHIN-89886
020 _c150.00
_a9788175053243
035 _aHN-62232
037 _bDBAD / PUB
082 _a170
100 _aपेंढारकर, शरद् चन्द्र
_92375
245 _aप्रेरक-प्रसंग:
_cशरद् चन्द्र पेंढारकर
_bमानव-वाटिका के सुरभित पुष्प /
246 _aPrerak-
_bby Anjana Bakshi
260 _aदिल्ली
_bशिल्पायन
_c2008
270 _a10295/ लेन नं.-1, वैस्ट गोरखपार्क, शाहदरा
_bदिल्ली
_e110032
_k011-22821174
300 _a116पृ.
_c22सेमी (सजिल्द)
500 _aकविता-संग्रह
650 _bहिन्दी कविता
_9697
650 _bHindi Poetry
_9698
700 _92325
942 _2ddc
_cHN
_h821
_mबख्शीअं
999 _c38171
_d38171